000 00598nam a2200217Ia 4500
001 14963
003 GE_BSU
008 181216s||||||||xx |||||||||||||| ||und||
040 _cGE_BSU
080 _a517(075.8)
100 _aБохан,К.А.
245 _aКурс математического анализа. ч.1
245 _cПод.ред.Б.З.Вулиха
250 _a2-е изд.
260 _aМосква
260 _bПросвещение.
260 _c1972
300 _a510стр.22см.
653 _aКурс математического анализа
942 _cBK
999 _c48083
_d48083